[Event "GER-chT U12"]
[Site "Schney"]
[Date "2013.12.29"]
[Round "5.3"]
[White "Hildermann, Christopher"]
[Black "Bargsten, Justus"]
[Result "0-1"]
[WhiteElo "1028"]
[BlackElo "1297"]
[PlyCount "46"]
[EventDate "2013.12.27"]
[EventType "team-swiss"]
[EventRounds "7"]
[EventCountry "GER"]
[SourceTitle "EXT 2015"]
[Source "ChessBase"]
[SourceDate "2014.11.20"]
[SourceVersion "1"]
[SourceVersionDate "2014.11.20"]
[SourceQuality "1"]
[WhiteTeam "Nuernberg Zabo"]
[BlackTeam "Stade"]
[WhiteTeamCountry "GER"]
[BlackTeamCountry "GER"]

1. e4 c5 2. Bc4 Nc6 3. Nc3 d6 4. Nf3 Nf6 5. 0-0 g6 6. d4 cxd4 7. Nxd4 Bg7 8. Nxc6 bxc6 9. Be3 0-0 10. h3 Rb8 11. Rb1 Qc7 12. Bf4 Nh5 13. Be3 e6 14. f3 d5 15. Bd3 d4 16. g4 Qg3+ 17. Kh1 Qxh3+ 18. Kg1 Ng3 19. Kf2 dxe3+ 20. Kxe3 Nxf1+ 21. Bxf1 Bh6+ 22. Ke2 Ba6+ 23. Ke1 Qxf1# 0-1